[Event "Niederbayernliga 1415"]
[Site "Bayern"]
[Date "2015.02.22"]
[Round "7.5"]
[White "Fenzl, Josef"]
[Black "Kuehne, Ronald"]
[Result "1-0"]
[WhiteElo "1818"]
[BlackElo "1669"]
[PlyCount "89"]
[EventDate "2014.10.19"]
[EventType "team-tourn"]
[EventRounds "9"]
[EventCountry "GER"]
[SourceTitle "EXT 2023"]
[Source "ChessBase"]
[SourceDate "2022.10.05"]
[SourceVersion "1"]
[SourceVersionDate "2022.10.05"]
[SourceQuality "1"]
[WhiteTeam "Schaibing"]
[BlackTeam "Ergolding"]
[WhiteTeamCountry "GER"]
[BlackTeamCountry "GER"]

1. e4 c6 2. d4 d5 3. exd5 cxd5 4. Nf3 Nc6 5. c3 Nf6 6. Bd3 Bg4 7. h3 Bh5 8. Bf4 e6 9. Nbd2 Bd6 10. Bg5 h6 11. Bh4 g5 12. Bg3 Bxg3 13. fxg3 Qd6 14. g4 Qg3+ 15. Kf1 Bg6 16. Bxg6 fxg6 17. Qe1 Qd6 18. Qe3 0-0 19. Re1 Rae8 20. Kg1 Kh7 21. Ne5 Qc7 22. Ndf3 Nxe5 23. Nxe5 Qa5 24. h4 gxh4 25. Rxh4 Ng8 26. Qd3 Rf6 27. g5 Rf5 28. gxh6 Qd8 29. Rh3 Ne7 30. Ree3 Ref8 31. Nf3 Qd6 32. g4 R5f6 33. Ng5+ Kh8 34. Rhf3 Rf4 35. Kf2 Rxf3+ 36. Nxf3 Qh2+ 37. Ke1 Qh1+ 38. Kd2 Qg2+ 39. Qe2 Qxg4 40. Kc2 Qf5+ 41. Kb3 Rf6 42. Ne5 g5 43. Rf3 Kh7 44. Rxf5 Nxf5 45. Qh5 1-0

[Event "Niederbayernliga 1314"]
[Site "Bayern"]
[Date "2014.??.??"]
[Round "5"]
[White "Bergmann, Reiner"]
[Black "Fenzl, Josef"]
[Result "1/2-1/2"]
[WhiteElo "1786"]
[BlackElo "1823"]
[PlyCount "40"]
[EventDate "2013.10.13"]
[EventType "team-tourn"]
[EventRounds "9"]
[EventCountry "GER"]
[SourceTitle "EXT 2023"]
[Source "ChessBase"]
[SourceDate "2022.10.05"]
[SourceVersion "1"]
[SourceVersionDate "2022.10.05"]
[SourceQuality "1"]
[WhiteTeam "Bayerwald Regen/Zwiesel"]
[BlackTeam "Schaibing"]
[WhiteTeamCountry "GER"]
[BlackTeamCountry "GER"]

1. e4 e5 2. Nf3 Nc6 3. Nc3 Bc5 4. Bc4 Nf6 5. d3 d6 6. Be3 Bb6 7. Qd2 Bg4 8. Ng5 0-0 9. f3 Bd7 10. Bxb6 axb6 11. g4 h6 12. h4 Nd4 13. Qg2 b5 14. Bxf7+ Rxf7 15. Nxf7 Kxf7 16. 0-0-0 b4 17. Nb1 Rxa2 18. Rdg1 Ng8 19. f4 exf4 20. Qf2 Qf6 1/2-1/2

[Event "Niederbayernliga 1314"]
[Site "Bayern"]
[Date "2014.??.??"]
[Round "8"]
[White "Fenzl, Josef"]
[Black "Weber, Diethelm"]
[Result "1-0"]
[WhiteElo "1823"]
[BlackElo "1511"]
[PlyCount "63"]
[EventDate "2013.10.13"]
[EventType "team-tourn"]
[EventRounds "9"]
[EventCountry "GER"]
[SourceTitle "EXT 2023"]
[Source "ChessBase"]
[SourceDate "2022.10.05"]
[SourceVersion "1"]
[SourceVersionDate "2022.10.05"]
[SourceQuality "1"]
[WhiteTeam "Schaibing"]
[BlackTeam "Aidenbach"]
[WhiteTeamCountry "GER"]
[BlackTeamCountry "GER"]

1. e4 c5 2. Nf3 e6 3. d4 a6 4. c4 Be7 5. Nc3 d6 6. Be2 Nf6 7. 0-0 Qc7 8. b3 0-0 9. Be3 h6 10. Qd2 Nbd7 11. Ne1 b6 12. f4 Bb7 13. d5 e5 14. f5 Qd8 15. Nc2 Nh7 16. Rf3 Bg5 17. Raf1 Bxe3+ 18. Nxe3 Ndf6 19. Rg3 Ng5 20. Qd3 b5 21. h4 Ngh7 22. Ng4 Nh5 23. Nxh6+ Kh8 24. Nxf7+ Rxf7 25. Bxh5 bxc4 26. bxc4 Rf6 27. Bg6 Nf8 28. Qe2 Nxg6 29. Qh5+ Kg8 30. Rxg6 Kf7 31. Rf3 Qh8 32. Rh6+ 1-0

[Event "Niederbayernliga 1213"]
[Site "Bayern"]
[Date "2013.??.??"]
[Round "7"]
[White "Kuehne, Ronald"]
[Black "Fenzl, Josef"]
[Result "1-0"]
[WhiteElo "1658"]
[BlackElo "1823"]
[PlyCount "99"]
[EventDate "2012.10.14"]
[EventType "team-tourn"]
[EventRounds "9"]
[EventCountry "GER"]
[SourceTitle "EXT 2023"]
[Source "ChessBase"]
[SourceDate "2022.10.05"]
[SourceVersion "1"]
[SourceVersionDate "2022.10.05"]
[SourceQuality "1"]
[WhiteTeam "Ergolding"]
[BlackTeam "Schaibing"]
[WhiteTeamCountry "GER"]
[BlackTeamCountry "GER"]

1. d4 d5 2. c4 c6 3. Nc3 Nf6 4. e3 Bf5 5. Nf3 e6 6. Be2 Nbd7 7. 0-0 Bd6 8. h3 0-0 9. Nh4 Be4 10. Qe1 h6 11. cxd5 cxd5 12. f4 Bh7 13. a3 Ne4 14. Nf3 Rc8 15. Bd2 Bb8 16. Rc1 Nb6 17. Nxe4 Bxe4 18. Ba5 Bc7 19. Nd2 f5 20. Nxe4 fxe4 21. Bg4 Re8 22. b3 Nd7 23. Bxc7 Rxc7 24. Bh5 Re7 25. Qb4 Nf8 26. Bg4 g6 27. Qd2 h5 28. Be2 Qd6 29. Qa5 b6 30. Qa4 Kf7 31. b4 Re8 32. Ba6 Ree7 33. Be2 Nd7 34. b5 Re8 35. Rc6 Rxc6 36. bxc6 Nb8 37. Qxa7+ Re7 38. Qxb6 Nxc6 39. Bb5 Qxa3 40. Bxc6 Qxe3+ 41. Kh1 Qd2 42. f5 gxf5 43. Bxd5 Kf6 44. Bxe4 Kg5 45. Bf3 Qe3 46. Qd8 Qa3 47. Qg8+ Kh6 48. Qh8+ Kg5 49. h4+ Kf4 50. Qh6+ 1-0

[Event "Niederbayernliga 1213"]
[Site "Bayern"]
[Date "2013.??.??"]
[Round "9"]
[White "Schubert, Heinz"]
[Black "Fenzl, Josef"]
[Result "1/2-1/2"]
[WhiteElo "1442"]
[BlackElo "1823"]
[PlyCount "77"]
[EventDate "2012.10.14"]
[EventType "team-tourn"]
[EventRounds "9"]
[EventCountry "GER"]
[SourceTitle "EXT 2023"]
[Source "ChessBase"]
[SourceDate "2022.10.05"]
[SourceVersion "1"]
[SourceVersionDate "2022.10.05"]
[SourceQuality "1"]
[WhiteTeam "Geiselhoering"]
[BlackTeam "Schaibing"]
[WhiteTeamCountry "GER"]
[BlackTeamCountry "GER"]

1. e4 e5 2. Nf3 Nc6 3. Bc4 Bc5 4. c3 Nf6 5. d4 exd4 6. cxd4 Bb4+ 7. Nc3 Nxe4 8. 0-0 Bxc3 9. bxc3 d5 10. Bd3 0-0 11. Qc2 Re8 12. Re1 f5 13. Nd2 a6 14. f3 Nxd2 15. Rxe8+ Qxe8 16. Bxd2 Qf7 17. Re1 b5 18. a3 Bd7 19. Bf4 Rc8 20. Qb3 h6 21. Qc2 g5 22. Bc1 Na5 23. Re5 Nc4 24. Re2 Re8 25. Rxe8+ Qxe8 26. Bxc4 dxc4 27. Qd2 Kg7 28. h4 f4 29. hxg5 hxg5 30. Kf2 Qh5 31. Kg1 Bf5 32. Qe1 Qf7 33. Qe5+ Kg6 34. Kf2 Qh7 35. Kg1 Kh5 36. Bd2 Qf7 37. Qh8+ Bh7 38. Qe5 c6 39. g3 1/2-1/2

[Event "Niederbayernliga 1213"]
[Site "Bayern"]
[Date "2012.??.??"]
[Round "4"]
[White "Fenzl, Josef"]
[Black "Swierzy, David"]
[Result "1/2-1/2"]
[WhiteElo "1823"]
[BlackElo "1678"]
[PlyCount "138"]
[EventDate "2012.10.14"]
[EventType "team-tourn"]
[EventRounds "9"]
[EventCountry "GER"]
[SourceTitle "EXT 2023"]
[Source "ChessBase"]
[SourceDate "2022.10.05"]
[SourceVersion "1"]
[SourceVersionDate "2022.10.05"]
[SourceQuality "1"]
[WhiteTeam "Schaibing"]
[BlackTeam "Straubing SC"]
[WhiteTeamCountry "GER"]
[BlackTeamCountry "GER"]

1. e4 Nf6 2. e5 Nd5 3. d4 d6 4. c4 Nb6 5. exd6 exd6 6. Nf3 Bg4 7. Be2 Nc6 8. Nbd2 Be7 9. h3 Bh5 10. 0-0 Bf6 11. Ne4 Bxf3 12. Nxf6+ Qxf6 13. Bxf3 0-0 14. c5 dxc5 15. dxc5 Rfd8 16. Qe1 Re8 17. Be3 Nc4 18. b4 Nxe3 19. fxe3 Qe5 20. b5 Nd8 21. Qb4 Rb8 22. Rae1 Ne6 23. c6 Nc5 24. Qc4 b6 25. Bd5 Ne6 26. Rf3 Rbd8 27. e4 f6 28. Rf5 Qd6 29. Re3 Kh8 30. Qc3 Qc5 31. Bxe6 Qxc3 32. Rxc3 Rxe6 33. Rd5 Red6 34. Ra3 Ra8 35. Kf2 Kg8 36. Rxd6 cxd6 37. Rd3 Rd8 38. Ke3 Kf7 39. Ra3 Ra8 40. c7 Ke6 41. Rxa7 Rc8 42. Rb7 Kd7 43. Rxb6 Rxc7 44. Kd4 Rc2 45. Rb7+ Ke6 46. Rxg7 Rxa2 47. b6 Rb2 48. b7 h5 49. h4 Rb4+ 50. Kc3 Rb1 51. Rh7 Rb6 52. Kd4 Rb4+ 53. Ke3 Rb3+ 54. Kf4 Rb4 55. Rxh5 Rxb7 56. g4 Rb1 57. Rh8 Rf1+ 58. Ke3 Rg1 59. Kf3 Rf1+ 60. Kg2 Rf4 61. Kg3 Rf1 62. h5 Rg1+ 63. Kf3 Rf1+ 64. Kg2 Rf4 65. Kg3 Rf1 66. h6 Rh1 67. h7 Kf7 68. Rd8 Rxh7 69. Rxd6 Rh1 1/2-1/2

[Event "Niederbayernliga 1011"]
[Site "Germany"]
[Date "2011.02.27"]
[Round "7.4"]
[White "Fenzl, Josef"]
[Black "Fuchsgruber, Helmut"]
[Result "0-1"]
[WhiteElo "1752"]
[BlackElo "1867"]
[PlyCount "50"]
[EventDate "2010.10.10"]
[EventType "team-tourn"]
[EventRounds "9"]
[EventCountry "GER"]
[SourceTitle "EXT 2012"]
[Source "ChessBase"]
[SourceDate "2011.11.24"]
[SourceVersion "1"]
[SourceVersionDate "2011.11.24"]
[SourceQuality "1"]
[WhiteTeam "Schaibing"]
[BlackTeam "Adlkofen"]
[WhiteTeamCountry "GER"]
[BlackTeamCountry "GER"]

1. e4 Nf6 2. e5 Nd5 3. c4 Nb6 4. Nf3 d6 5. d4 Nc6 6. exd6 exd6 7. Be2 Be7 8. d5 Ne5 9. Nxe5 dxe5 10. 0-0 0-0 11. Nd2 f5 12. Re1 Nd7 13. b3 a5 14. a4 b6 15. Bb2 Bf6 16. Qc2 Nc5 17. Ba3 e4 18. Bxc5 bxc5 19. Rad1 Bd4 20. Kh1 Bxf2 21. Rf1 Qh4 22. Nb1 Bg3 23. h3 Be5 24. Na3 Qg3 25. Kg1 e3 0-1

[Event "Niederbayernliga 1011"]
[Site "Germany"]
[Date "2010.10.24"]
[Round "2.5"]
[White "Fenzl, Josef"]
[Black "Oberpriller, Johannes"]
[Result "1-0"]
[WhiteElo "1752"]
[BlackElo "1766"]
[PlyCount "72"]
[EventDate "2010.10.10"]
[EventType "team-tourn"]
[EventRounds "9"]
[EventCountry "GER"]
[SourceTitle "EXT 2012"]
[Source "ChessBase"]
[SourceDate "2011.11.24"]
[SourceVersion "1"]
[SourceVersionDate "2011.11.24"]
[SourceQuality "1"]
[WhiteTeam "Schaibing"]
[BlackTeam "Ergolding"]
[WhiteTeamCountry "GER"]
[BlackTeamCountry "GER"]

1. e4 e6 2. d4 d5 3. exd5 exd5 4. Bd3 Nc6 5. c3 Bd6 6. Nf3 Bg4 7. 0-0 Nge7 8. Re1 Qd7 9. h3 Bh5 10. Nbd2 0-0-0 11. b4 Rdg8 12. Nb3 f6 13. Nc5 Bxc5 14. bxc5 Nd8 15. Be2 g5 16. Nh2 Bg6 17. Bh5 Nf5 18. Bxg6 Rxg6 19. Qh5 a6 20. Rb1 Ne6 21. Rb2 Nfg7 22. Qf3 h5 23. Qd3 Rgh6 24. h4 Nf4 25. Bxf4 gxf4 26. Qf3 Ne6 27. Rbe2 f5 28. Re5 c6 29. Qe2 Nc7 30. Nf3 R6h7 31. Ng5 Rg7 32. Qf3 Rf8 33. Qxf4 Nb5 34. Ne6 Rg4 35. Nxf8 Rxf4 36. Nxd7 Kxd7 1-0